[Event "XVII MetLife Najdorf Open 2017"]
[Site "Warsaw"]
[Date "2017.07.11"]
[Round "3.14"]
[White "Barski, Radoslaw"]
[Black "Heberla, Bartlomiej"]
[Result "1-0"]
[WhiteElo "2402"]
[BlackElo "2577"]
[Annotator "TA"]
[PlyCount "59"]
[EventDate "2017.??.??"]
[EventType "swiss"]
[EventCountry "POL"]
[SourceTitle "playchess.com"]
[Source "ChessBase"]
[SourceQuality "1"]

{[%evp 23,59,10,9,9,34,14,33,9,94,134,145,143,210,212,204,169,291,286,293,288,355,363,363,347,466,483,514,527,535,535,532,512,518,510,498,491,612,604]} 1. e4 c5 2. Nf3 g6 3. d4 cxd4 4. Qxd4 Nf6 5. Nc3 Nc6 6. Qa4 d6 7. e5 dxe5 8. Nxe5 Bd7 {B27: Sicilian: 2 Nf3, unusual Black 2nd moves} 9. Nxd7 Qxd7 10. Be3 Bg7 11. Rd1 Qc8 12. Be2 O-O {LiveBook: 28 Games} 13. O-O a6 14. Qf4 {[#]} Nd7 $146 ({Predecessor:} 14... e5 15. Qc4 Re8 16. Rd6 {0-1 (99) Daulyte,D (2419)-Jones,G (2660) Porticcio 2017}) 15. Qh4 e6 (15... Rd8 $11 {remains equal.}) 16. Ne4 $1 $16 Qc7 17. c3 Rae8 {[#]} (17... b5 $16 18. Bf4 Qb7) 18. Bf4 $1 $18 {[%cal Rf4c7]} e5 19. Bh6 Ncb8 (19... f5 $142) 20. Rd6 ({Less strong is} 20. Bxg7 Kxg7 21. b4 f5 $16) 20... f6 21. Rfd1 Re7 22. Bc4+ {[%cal Be2c4,Bc4b3,Bb3e6][%mdl 32]} Kh8 23. Bb3 Bxh6 24. Qxh6 {Strongly threatening Rxd7!White is clearly winning.} Rg7 25. Be6 Nc5 {[#]} 26. Nxc5 $1 Qxc5 27. Rd8 Qe7 {[#]} 28. R8d7 $1 {[%mdl 512]} Nxd7 29. Rxd7 Rd8 30. Qxg7+ {Precision: White = 88%, Black = 26%.} 1-0

[Event "XVII MetLife Najdorf Open 2017"]
[Site "Warsaw"]
[Date "2017.07.11"]
[Round "3.15"]
[White "Gumularz, Szymon"]
[Black "Zhigalko, Andrey"]
[Result "0-1"]
[WhiteElo "2391"]
[BlackElo "2564"]
[Annotator "TA"]
[PlyCount "62"]
[EventDate "2017.??.??"]
[EventType "swiss"]
[EventCountry "POL"]
[SourceTitle "playchess.com"]
[Source "ChessBase"]
[SourceQuality "1"]

{[%evp 9,62,30,37,-30,-34,-52,-13,-95,-107,-75,-86,-189,-190,-188,-166,-177,-178,-176,-174,-179,-180,-234,-235,-226,-220,-349,-355,-360,-350,-358,-345,-354,-331,-355,-352,-341,-351,-425,-429,-563,-556,-640,-476,-628,-625,-999,-923,-1115,-1131,-991,-577,-587,-587,-575,-547]} 1. d4 Nf6 2. Bf4 d6 3. Nc3 c6 (3... g6 4. e4 Bg7 5. Qd2 Nc6 6. Nf3 Bg4 7. d5 Nb8 8. Be2 Nbd7 9. h3 Bxf3 10. Bxf3 c5 11. O-O a6 12. a4 O-O 13. Rfe1 {1-0 (39) Wei,Y (2707)-Mamedov,R (2688) Doha 2016}) 4. Nf3 Bg4 5. Qd2 Nbd7 6. O-O-O $146 {A45: Trompowsky Attack} ({White should play} 6. e4 $14) ({Predecessor:} 6. h3 Bh5 7. O-O-O Qa5 8. e4 e5 9. Be3 Be7 10. g4 Bg6 11. Bd3 b5 12. dxe5 {0-1 (31) Martynov,A-Sidorov,A (2292) Sochi 2016}) 6... b5 $1 $11 7. h3 Bf5 8. Nh4 {[#]} (8. g4 $11 Bg6 9. g5) 8... Be6 $1 $17 9. a3 {[#]} a5 $1 10. d5 (10. g4 $17) 10... Nxd5 11. Nxd5 Bxd5 12. e4 Bxe4 13. Qe3 d5 {White must now prevent ...e5.} 14. f3 Bg6 15. Nxg6 (15. Bxb5 $142 cxb5 16. Rxd5) 15... hxg6 $19 ({Not} 15... fxg6 16. Qe6 $15) 16. Bd3 e6 17. Bxg6 (17. Kb1 $142) 17... Qf6 ({Weaker is} 17... fxg6 18. Qxe6+ Be7 19. Qxc6 $11) 18. Bd3 Bc5 19. Qd2 {[#]} Bxa3 $1 {[%csl Ga3][%cal Rf6b2][%mdl 512]} 20. c3 (20. bxa3 Qa1#) 20... Be7 21. h4 Rxh4 22. Rxh4 Qxh4 23. g3 Qf6 {Black is clearly winning.} 24. Qf2 a4 {[%cal Ba5a4,Ba4a3,Ba3a2][%mdl 32]} 25. Rh1 g6 26. Kc2 a3 27. b3 b4 28. Bd2 a2 29. Ra1 bxc3 30. Bxc3 Qxc3+ 31. Kxc3 Bf6+ {Precision: White = 42%, Black = 83%.} 0-1

[Event "XVII MetLife Najdorf Open 2017"]
[Site "Warsaw"]
[Date "2017.07.11"]
[Round "3.16"]
[White "Czarnota, Pawel"]
[Black "Konguvel, Ponnuswamy"]
[Result "1-0"]
[WhiteElo "2557"]
[BlackElo "2388"]
[Annotator "TA"]
[PlyCount "113"]
[EventDate "2017.??.??"]
[EventType "swiss"]
[EventCountry "POL"]
[SourceTitle "playchess.com"]
[Source "ChessBase"]
[SourceQuality "1"]

{[%evp 15,113,28,37,8,29,30,35,14,42,15,36,0,47,30,51,45,62,55,64,36,45,38,58,38,49,39,41,51,60,38,70,45,47,47,34,40,39,31,36,35,62,56,68,57,82,69,109,85,97,55,85,64,139,129,288,173,385,398,406,404,350,322,264,257,262,237,396,400,417,417,405,406,391,380,332,289,467,451,457,449,433,427,420,370,2246,1979,2110,1981,1996,1956,2300,2222,6548,9556,6199,3329,2641,2708,29989,29989]} 1. e4 e5 2. Nf3 Nc6 3. Bb5 g6 4. c3 a6 5. Ba4 d6 6. d4 Bd7 7. O-O Bg7 8. d5 Nce7 {LiveBook: 214 Games} 9. Bc2 {C76: Ruy Lopez: Deferred Steinitz: 5 c3 Bd7 6 d4 g6} (9. Bxd7+ Qxd7 10. c4 h6 11. Nc3 f5 12. Ne1 Nf6 13. f3 O-O 14. Nd3 g5 15. exf5 Qxf5 16. Nf2 b5 17. Qe2 c6 18. Nfe4 Nxe4 19. Nxe4 bxc4 20. Nxd6 {0-1 (53) Gopal,G (2579)-Caruana,F (2827) Caleta 2017}) 9... Nf6 10. c4 O-O 11. Nc3 {White is slightly better.} Nh5 12. Re1 h6 13. Nd2 $146 ({Predecessor:} 13. h3 Qe8 14. b4 f5 15. c5 f4 16. Nd2 g5 {½-½ (25) Tringov,G (2475)-Lazic,M (2380) Novi Sad 1986}) 13... c5 14. a3 Be8 15. b4 b6 16. Rb1 f5 17. bxc5 bxc5 18. Ba4 Qa5 19. Re3 Nf6 20. Rb7 Rf7 21. Bxe8 Rxe8 22. Qb3 fxe4 23. Qb6 Qxb6 24. Rxb6 Nf5 25. Re1 e3 {[#] White must now prevent ...exf2+.} 26. Nde4 $36 {[%mdl 2048] White is pushing.} exf2+ 27. Kxf2 Nxe4+ 28. Nxe4 Bf8 29. Ke2 {[%mdl 1024] White has compensation.} Kg7 30. Bd2 Be7 31. Kd3 Ra8 32. Bc3 Kg8 33. Reb1 Bf8 (33... h5 $14) 34. a4 $16 {[%cal Ba3a4,Ba4a5][%mdl 32]} Kh7 $2 (34... Kg7 $16) 35. a5 Nh4 $2 (35... Kg7 36. Rc6 Nd4) 36. Rb7 $18 Ra7 37. Rxa7 Rxa7 38. g3 Nf5 39. Rb6 h5 40. h3 {[%cal Bh2h3,Bh3g4][%mdl 32]} Be7 $2 (40... Kg7 41. g4 hxg4) 41. g4 hxg4 42. hxg4 Nh6 43. Nxd6 Bxd6 44. Rxd6 Nxg4 {[%mdl 4096] Endgame KRB-KRN} 45. Rc6 Rf7 $2 (45... Kg7 46. Ke4 (46. Rxc5 Kf6 $18) 46... Re7) 46. d6 {[#] Strongly threatening Rc7.} Rf3+ 47. Ke2 Re3+ 48. Kd2 e4 {aiming for ...Rd3+.} 49. Rc7+ Kh6 $2 (49... Kg8 50. d7 Rd3+ 51. Ke2 Kf8) 50. Bg7+ Kg5 51. Rxc5+ Kf4 52. Rd5 Rh3 53. d7 e3+ 54. Kd3 Kf3 55. d8=Q Nf2+ 56. Kc2 e2 57. Bc3 {Precision: White = 64%, Black = 36%.} 1-0

[Event "XVII MetLife Najdorf Open 2017"]
[Site "Warsaw"]
[Date "2017.07.11"]
[Round "3.17"]
[White "Skawinski, Arkadiusz"]
[Black "Markowski, Tomasz"]
[Result "0-1"]
[WhiteElo "2386"]
[BlackElo "2557"]
[Annotator "TA"]
[PlyCount "82"]
[EventDate "2017.??.??"]
[EventType "swiss"]
[EventCountry "POL"]
[SourceTitle "playchess.com"]
[Source "ChessBase"]
[SourceQuality "1"]

{[%evp 14,82,17,10,15,8,20,20,61,18,16,18,14,17,30,17,20,16,14,16,20,16,19,13,29,0,23,8,22,23,8,14,16,-22,-31,-18,37,8,55,60,52,-31,-16,-159,-165,-155,-140,-164,-170,-146,-124,-245,-245,-470,-455,-289,-235,-283,-284,-238,-55,-219,-215,-206,-211,-796,-725,-29997,-29993,-29993,-1070]} 1. e4 c5 2. Nf3 e6 3. b3 b6 4. Bd3 Bb7 5. O-O d6 (5... Nf6 6. e5 Nd5 7. Be4 Qc7 8. Re1 Be7 9. Bb2 b5 10. Na3 a6 11. c4 bxc4 12. Nxc4 {0-1 (41) Kasparov,G (2812)-So,W (2773) Saint Louis 2016}) 6. Bb2 {B40: Sicilian: 2...e6, Unusual lines} Nd7 7. Re1 Ngf6 8. c3 {LiveBook: 3 Games. The position is equal.} Be7 9. Bc2 Qc7 10. d4 cxd4 $146 ({Predecessor:} 10... Rc8 11. Bd3 a6 12. Nbd2 O-O {0-1 (39) Rajkovic,M (2286)-Markocic,T (2073) Prague 2016}) 11. Nxd4 O-O 12. c4 a6 13. Nc3 Rfe8 14. Qd3 Bf8 15. Rad1 Rac8 16. Bb1 Qb8 17. Qg3 g6 18. h3 Ba8 19. Kh1 Red8 20. Qh4 Bg7 21. f4 Re8 22. Rf1 Rc5 23. f5 exf5 24. exf5 Rce5 ({Black should play} 24... b5 $11) 25. Bc1 Qb7 {[%csl Ga8][%cal Rb7g2]} 26. Nf3 b5 27. Qf2 ({Better is} 27. Rf2 $14 R5e7 28. cxb5) 27... R5e7 $1 $15 28. Rfe1 (28. Bg5 $11) 28... Rxe1+ $17 29. Rxe1 Rxe1+ 30. Nxe1 bxc4 31. bxc4 {[#]} Ng4 $1 {[%mdl 512]} 32. Qd2 {[#]} (32. Qf3 $17 {only move.}) (32. hxg4 Bxc3) 32... Nf2+ $1 $19 {[%mdl 512]} 33. Kg1 $2 (33. Qxf2 Bxc3 34. fxg6 hxg6 35. Bxg6 fxg6 36. Qg3) 33... Qb6 {aiming for ...Ne4+.} 34. Qe3 {[#]} Nxh3+ $1 {[%mdl 512]} 35. Kh2 (35. gxh3 Bd4) 35... Bxc3 ({Don't play} 35... Qxe3 36. Bxe3 Bxc3 37. Nf3 $17) 36. Qxc3 {Strongly threatening Bb2.} Ne5 $2 (36... Qxb1 $19 37. Bh6 f6) 37. c5 $2 (37. fxg6 $1 $15 hxg6 38. Bxg6 Nxg6 39. Qxh3) 37... Qxb1 38. cxd6 Qxf5 39. Bb2 $2 (39. d7 Nxd7 40. Bb2) 39... Nf2 {( -> ...Neg4+)} 40. Qc7 Nfg4+ 41. Kg3 Qf2+ {Precision: White = 33%, Black = 60%.} 0-1

[Event "XVII MetLife Najdorf Open 2017"]
[Site "Warsaw"]
[Date "2017.07.11"]
[Round "3.18"]
[White "Jakubowski, Krzysztof"]
[Black "Nurkiewicz, Maciej"]
[Result "1-0"]
[WhiteElo "2518"]
[BlackElo "2373"]
[Annotator "TA"]
[PlyCount "157"]
[EventDate "2017.??.??"]
[EventType "swiss"]
[EventCountry "POL"]
[SourceTitle "playchess.com"]
[Source "ChessBase"]
[SourceQuality "1"]

{[%evp 9,157,2,28,0,0,0,0,0,0,0,1,-2,0,-29,-22,-34,91,-52,-49,-38,71,46,58,70,158,161,166,173,173,157,151,143,144,135,156,156,161,131,137,141,145,142,137,132,216,218,184,115,202,203,198,197,321,331,334,319,327,327,502,504,475,474,460,469,444,434,404,393,412,370,393,155,155,155,1368,1319,1081,968,1078,152,2092,166,1954,1843,1574,1007,29953,5298,1232,0,0,0,0,8,29964,29968,29968,29968,29965,29969,29968,29970,29969,29970,29969,29971,29969,29972,29970,29973,29973,29975,29974,29976,29976,29972,29971,29965,12200,5443,29987,29976,29973,29960,592,0,29963,1304,29981,29982,29982,29983,29987,29982,29982,29983,29984,29985,29985,29986,29986,29986,29990,29990,29990,29989,29991,29992,29992,29993]} 1. c4 e5 2. Nc3 Nc6 3. Nf3 Nf6 4. e3 Be7 5. a3 a5 {LiveBook: 36 Games} 6. b3 {A28: English Opening: Four Knights Variation} O-O 7. Bb2 d5 $146 ({Predecessor:} 7... h6 8. Qc2 Re8 9. d3 d5 10. cxd5 Nxd5 11. Be2 Nxc3 12. Bxc3 Qd6 {0-1 (44) Arutinian,D (2558)-Biolek,R (2409) Olomouc 2012}) 8. cxd5 {The position is equal.} Nxd5 9. Qc2 Nxc3 10. Bxc3 Bd6 11. h4 h6 12. Bc4 Qe7 (12... Qf6 $15 {stays ahead.}) 13. Qg6 (13. Ng5 $1 $16 hxg5 14. hxg5) 13... Kh8 $1 $15 14. Qh5 Qf6 (14... Bd7 $15 {keeps the upper hand.}) 15. Ng5 $1 $16 {[%cal Rg5f7]} Kg8 16. g4 $40 {[%mdl 128] White is up to no good.} Be6 ({Better is} 16... b5 $14 17. Bd3 (17. Bxb5 Nd4 $14) 17... Qe7) 17. Nxe6 fxe6 {[#]} 18. f4 $1 {[%cal Bf2f4,Bf4f5][%mdl 544]} Qf7 (18... exf4 19. Bxf6) 19. f5 Qxh5 20. gxh5 Kh8 21. fxe6 Rae8 22. Ke2 Nd8 23. Rhf1 Rxf1 24. Rxf1 Nxe6 25. Bxe6 Rxe6 26. Bxa5 {[%mdl 4096] Endgame KRB-KRB} b6 (26... Kh7 $16 27. a4 Re7) 27. Bc3 $18 Bxa3 28. Kd3 ({White should try} 28. b4 $1 $18) 28... Bd6 (28... Be7 $16) 29. Ke4 $1 Kg8 30. Rf5 $1 g6 (30... c6 {might work better.} 31. Bxe5 Bxe5 32. Rxe5 Rd6) 31. hxg6 Rxg6 32. Bxe5 Bxe5 33. Kxe5 {KR-KR} Rg2 (33... Kg7 {was necessary.} 34. e4 Rg3) 34. d4 Rb2 35. Rf6 Rxb3 36. e4 Rc3 37. Rxh6 b5 38. Ra6 Kf7 39. Ra7 Ke7 40. d5 $2 (40. Rb7 $18 {is the precise move to win.}) 40... Kd7 $16 41. Rb7 Kc8 $2 (41... Rc1 $16 42. Rxb5 Rh1) 42. Rxb5 $18 Rh3 43. Kf6 Rxh4 44. e5 Rh6+ $2 (44... Kd7 $16 45. Kf5 Rh5+ 46. Ke4 Rh4+ 47. Kd3 Rh1) 45. Kg5 $1 {[%cal Rg5h6]} Rh1 $2 {[#]} (45... Rh2 46. e6 Rh1) 46. Rb4 $1 {[%cal Rb4h4]} Rd1 47. Kf6 Rxd5 48. e6 (48. Rh4 $142 Rd1 49. e6 Rf1+ 50. Ke7 Re1 51. Rh8+ Kb7 52. Kd7 Rd1+ 53. Ke8) 48... Rd1 49. Rf4 $2 (49. Rh4 $18 Rf1+ 50. Ke7) 49... c5 $1 $11 50. Kf7 (50. Ke7 $5 {[%cal Rf4f5]} Kc7 51. Rf5 $16) 50... Re1 51. Rf5 Kc7 $2 {[%mdl 8192]} (51... c4 $11) 52. e7 Kd7 53. Rd5+ Kc6 {[#]} 54. Rd1 $1 Rxd1 55. e8=Q+ {KQ-KR} Kc7 56. Qe5+ Kc6 57. Qe4+ Kb6 58. Qe6+ Kc7 59. Qc4 Rd7+ 60. Ke6 Rd6+ 61. Ke5 Rc6 62. Qb5 c4 63. Kd5 Rd6+ 64. Kc5 Rh6 65. Qa5+ Kb7 66. Qb4+ Kc7 67. Qa5+ Kb7 {aiming for ...Rh5+.} 68. Kxc4 (68. Qa4 $142 Rh5+ 69. Kb4 Kc7 70. Qe8 Rd5 71. Kxc4 Rd1 72. Qe7+ Rd7 73. Qc5+ Kd8 74. Qf8+ Kc7 75. Kc5) 68... Rc6+ 69. Kd5 {White mates.} Rb6 70. Qa4 Rb1 71. Qd7+ Kb8 72. Qe8+ Kb7 73. Qe4 Rb6 74. Kc5+ Ka7 75. Qd5 Rb8 76. Qa2+ Kb7 77. Qb3+ Ka7 78. Qa4+ Kb7 79. Qb5+ {Precision: White = 69%, Black = 43%.} 1-0

[Event "XVII MetLife Najdorf Open 2017"]
[Site "Warsaw"]
[Date "2017.07.11"]
[Round "3.19"]
[White "Teclaf, Pawel"]
[Black "Stefanova, Antoaneta"]
[Result "1/2-1/2"]
[WhiteElo "2372"]
[BlackElo "2512"]
[Annotator "TA"]
[PlyCount "78"]
[EventDate "2017.??.??"]
[EventType "swiss"]
[EventCountry "POL"]
[SourceTitle "playchess.com"]
[Source "ChessBase"]
[SourceQuality "1"]

{[%evp 31,78,11,18,11,18,16,25,12,26,-22,-15,-12,15,-61,-76,-91,-93,-141,-129,-135,0,0,0,0,0,0,0,0,0,0,0,0,0,0,0,0,0,0,0,0,0,0,0,0,0,0,0,0,0]} 1. e4 e5 2. Nf3 Nc6 3. Bb5 a6 4. Ba4 Nf6 5. O-O Be7 6. Re1 b5 7. Bb3 d6 8. c3 O-O 9. h3 Nb8 {[%cal Bc6b8,Bb8d7,Bd7b6][%mdl 32]} 10. d4 Nbd7 11. Nbd2 Bb7 12. Bc2 Re8 13. b4 Bf8 14. a4 Nb6 15. a5 Nbd7 16. Bb2 g6 {LiveBook: 7 Games. C95: Closed Ruy Lopez: Breyer Variation with 10 d4} 17. c4 bxc4 18. dxe5 $146 ({Predecessor:} 18. Nxc4 exd4 19. Qxd4 Bg7 20. Rab1 Re7 21. Ncd2 Qf8 22. Qc4 Rc8 23. Bb3 Nh5 24. Ba4 Bxb2 25. Rxb2 {0-1 (32) Warmerdam,M (2350)-Lobzhanidze,D (2430) Germany 2016}) 18... Nxe5 19. Nxe5 dxe5 20. Bc3 c5 21. bxc5 Bxc5 22. Qf3 (22. Rb1 $11 Qc7 23. Qf3) 22... Rc8 $15 23. Rab1 Ba8 24. Ba4 {[#]} Re6 $1 25. Nxc4 Bxf2+ (25... Bxe4 $17 26. Rxe4 Nxe4 27. Qxe4 Bd4) 26. Qxf2 $11 {Black must now prevent Bb3.The position is equal.} Rxc4 27. Bb3 $1 $36 {[%cal Rb3c4][%mdl 2048] White is more active.} Rxc3 28. Bxe6 fxe6 29. Red1 Qf8 {[#]} 30. Rb8 $3 {[%mdl 512]} Qxb8 31. Qxf6 Bd5 $1 ({Not} 31... Bxe4 $2 32. Qxe6+ Kf8 33. Qf6+ Kg8 34. Rd8+ Qxd8 35. Qxd8+ Kf7 36. Qd7+ Kf6 37. Qd6+ Kf7 38. Qxe5 $18 (38. Qxa6 Rc1+ 39. Kf2 Rc2+ 40. Ke3 Bxg2 $18)) 32. exd5 exd5 {[%mdl 4096] Endgame KQR-KQR} 33. Qe6+ Kg7 34. Qe7+ Kh6 35. Qh4+ Kg7 {Strongly threatening ...Qd6.} 36. Qe7+ Kh6 37. Qh4+ Kg7 {aiming for ...Qd6.} 38. Qe7+ Kh6 39. Qh4+ Kg7 1/2-1/2

[Event "XVII MetLife Najdorf Open 2017"]
[Site "Warsaw"]
[Date "2017.07.11"]
[Round "3.20"]
[White "Debashis, Das"]
[Black "Kosakowski, Jakub"]
[Result "1-0"]
[WhiteElo "2505"]
[BlackElo "2366"]
[Annotator "TA"]
[PlyCount "71"]
[EventDate "2017.??.??"]
[EventType "swiss"]
[EventCountry "POL"]
[SourceTitle "playchess.com"]
[Source "ChessBase"]
[SourceQuality "1"]

{[%evp 16,71,39,0,0,0,0,2,11,6,0,7,0,0,4,11,23,-18,20,0,0,0,4,0,21,0,0,0,0,0,6,-2,420,420,666,650,1248,1248,1229,1211,1190,1164,1122,1109,1116,705,690,690,678,675,678,675,620,620,29988,29989,29989,29990]} 1. d4 Nf6 2. c4 g6 3. Nc3 d5 4. cxd5 Nxd5 5. e4 Nxc3 6. bxc3 Bg7 7. Nf3 {[%cal Bg1f3,Bf3d2,Bd2c4][%mdl 32]} c5 8. Be3 Qa5 9. Nd2 {LiveBook: 108 Games. D85: Exchange Grünfeld: Unusual White 7th moves and lines with 7 Nf3} (9. Qd2 Nc6 10. Rb1 a6 11. Rc1 cxd4 12. cxd4 Qxd2+ 13. Kxd2 f5 14. e5 O-O 15. Bc4+ e6 16. Ke2 Bd7 17. h4 Rac8 18. Bd2 h6 19. Bb3 Kf7 20. Rhg1 Rfd8 21. g4 Ne7 {0-1 (53) So,W (2815)-Giri,A (2785) chess.com INT 2017}) 9... Bd7 10. Rc1 cxd4 11. Nc4 {The position is equal.} Qa4 $146 ({Predecessor:} 11... Qa6 12. Bxd4 Bxd4 13. cxd4 O-O 14. h4 Rc8 15. h5 b5 16. Ne5 Qa5+ 17. Ke2 Rxc1 18. Qxc1 Qxa2+ 19. Ke3 f6 20. Nxd7 Nxd7 21. Bxb5 Nb6 22. Qb1 Qe6 {½-½ (22) Bolz,J (2226)-Costa Trillo,V (2228) ICCF email 2014}) 12. Qxa4 Bxa4 13. cxd4 O-O 14. Be2 Rd8 15. d5 b6 16. f3 Nd7 17. g4 Rac8 18. Kf2 Nc5 19. h4 Bd7 (19... e6 $5 {[%cal Re6d5]}) 20. h5 Na4 21. hxg6 hxg6 22. Bg5 Re8 23. d6 e6 $2 {[%mdl 8192]} (23... Rc5 $11 {and Black is okay.} 24. Be3 (24. Bxe7 Rec8 $17) 24... Rc6) 24. e5 $18 b5 (24... Nb2 $142 25. Nxb2 Bxe5) 25. Bf6 Nc3 26. Rh4 {Threatening mate with Rch1.} Nd5 {[#]} 27. g5 $1 Nxf6 28. gxf6 Rc5 29. Rch1 {Intending Rh7 and mate.} bxc4 30. Rh7 Bxf6 31. exf6 {[%csl Gh1][%cal Rh7h8]} Rh5 32. Rg7+ Kf8 33. Rxh5 gxh5 34. Bxc4 {White wants to mate with Bd3.} Rc8 35. Bd3 Ba4 {[#]} 36. d7 $1 {[%mdl 512] Precision: White = 75%, Black = 49%.} 1-0

[Event "XVII MetLife Najdorf Open 2017"]
[Site "Warsaw"]
[Date "2017.07.11"]
[Round "3.21"]
[White "Zujev, Oleg"]
[Black "Riff, Jean-Noel"]
[Result "1/2-1/2"]
[WhiteElo "2366"]
[BlackElo "2493"]
[Annotator "TA"]
[PlyCount "64"]
[EventDate "2017.??.??"]
[EventType "swiss"]
[EventCountry "POL"]
[SourceTitle "playchess.com"]
[Source "ChessBase"]
[SourceQuality "1"]

{[%evp 21,64,0,11,-31,9,0,10,2,37,55,56,45,59,49,50,38,57,25,64,84,100,40,112,12,5,11,1,6,2,0,0,0,0,0,0,0,0,0,0,0,0,-54,-54,-54,-54]} 1. d4 Nf6 2. c4 e6 3. Nc3 Bb4 4. e3 O-O 5. Nge2 d5 6. a3 Bd6 7. Ng3 c6 {E46: Nimzo-Indian: Rubinstein: 4 e3 0-0 5 Ne2 without early Bd3} 8. Be2 (8. Qc2 e5 9. dxe5 Bxe5 10. Bd3 Be6 11. cxd5 cxd5 12. O-O Nc6 13. Bf5 Rc8 14. Bd2 Qd7 15. Bxe6 fxe6 {0-1 (31) Aleksandrov,A (2615)-Navara,D (2730) Minsk 2015}) 8... Nbd7 9. O-O dxc4 10. Bxc4 e5 11. Ba2 Nb6 {LiveBook: 10 Games} 12. Qd3 exd4 13. exd4 Bxg3 $146 ({Predecessor:} 13... Nbd5 14. Nxd5 Nxd5 15. Bb1 {0-1 (26) Marjanovics,A (2349)-Manakova,M (2280) Kragujevac 2016}) 14. hxg3 Nfd5 15. Re1 Be6 16. Bb1 {[%csl Gb1][%cal Rd3h7] [#]} g6 17. Bh6 Re8 18. Ne4 Bf5 19. f3 Qc7 20. Bc2 Nd7 21. Rad1 ({White should play} 21. g4 $16 Bxe4 22. fxe4) 21... Rad8 ({Better is} 21... N5f6 $14) 22. Bb3 (22. g4 $16 Be6 23. Bg5) 22... Qxg3 $1 $11 23. Nxg3 Rxe1+ 24. Rxe1 Bxd3 25. Bxd5 cxd5 26. Re7 Bb5 27. Nf1 Bc6 28. Ne3 Nf6 29. Ng4 Nxg4 30. fxg4 Re8 31. Rxe8+ (31. Rc7 $1 $11) 31... Bxe8 $15 32. g5 {[#]} f6 $1 {[%mdl 512] Precision: White = 63%, Black = 37%.} 1/2-1/2

[Event "XVII MetLife Najdorf Open 2017"]
[Site "Warsaw"]
[Date "2017.07.11"]
[Round "3.22"]
[White "Przedmojski, Rafal"]
[Black "Socko, Monika"]
[Result "0-1"]
[WhiteElo "2355"]
[BlackElo "2480"]
[Annotator "TA"]
[PlyCount "82"]
[EventDate "2017.??.??"]
[EventType "swiss"]
[EventCountry "POL"]
[SourceTitle "playchess.com"]
[Source "ChessBase"]
[SourceQuality "1"]

{[%evp 15,82,47,60,33,11,39,7,-1,26,20,17,15,18,14,34,27,35,38,41,31,43,36,27,37,30,17,23,20,28,20,43,46,53,28,41,26,87,47,39,56,97,81,76,85,125,102,115,93,129,102,143,-14,-8,-20,0,0,0,-22,-12,-78,0,-178,-63,-200,-175,-393,-387,-715,-718]} 1. d4 Nf6 2. c4 g6 3. Nc3 Bg7 4. e4 d6 5. f3 O-O 6. Be3 Nc6 7. Nge2 a6 8. Qd2 Bd7 {LiveBook: 63 Games} 9. b3 {E83: King's Indian: Sämisch Panno (6...Nc6): Lines without either Nge2 or Qd2} b5 $146 ({Predecessor:} 9... e6 10. g3 Rb8 11. Bg2 b5 12. cxb5 axb5 13. O-O b4 14. Nd1 Na5 15. Nf2 Bb5 16. Rfd1 Nd7 {0-1 (46) Dreev,A (2654)-Fier,A (2577) Jurmala 2013}) 10. cxb5 axb5 11. Rc1 {The position is equal.} Nb8 12. Nf4 c6 13. Be2 Na6 14. Nd3 Qb8 15. O-O Rd8 16. Rfd1 Ne8 17. Bf1 Nec7 18. Kh1 Be8 19. Qf2 b4 20. Ne2 Nb5 21. h3 Rc8 22. Rd2 $36 {[%mdl 2048] Black is under pressure.} Qa7 23. g4 Qb7 24. Bg2 Rd8 25. f4 Rac8 (25... c5 $1 $11) 26. e5 Nbc7 $1 27. f5 dxe5 28. dxe5 Nd5 29. Bd4 Bh6 30. Ndf4 Nac7 31. h4 Nxf4 32. Nxf4 Nb5 {[#]} 33. Rcd1 $2 (33. Bc5 $1 $16) 33... Nxd4 $11 34. Rxd4 Qb6 35. g5 Bf8 36. f6 {Strongly threatening Rxd8.} exf6 37. exf6 (37. gxf6 $11 {remains equal.} Rxd4 38. Qxd4 Qxd4 39. Rxd4) 37... Bd6 ({Better is} 37... Qb8 $17 {aiming for ...Bc5.} 38. R4d2 Rxd2 39. Qxd2 c5) 38. Bh3 $2 (38. h5 $11 {and White has nothing to worry.}) 38... Rb8 (38... Be5 $19 39. Rxd8 Qxf2 40. Bxc8 Kf8) 39. Qd2 {[#]} (39. Qf3 $15 Be5 40. Rxd8 Rxd8 41. Rxd8 Qxd8 42. Qe4) 39... Bc7 $1 $19 40. Qe3 $2 (40. Ne6 {was necessary.} Rxd4 41. Nxd4) 40... Rxd4 41. Qxd4 $2 (41. Rxd4 Qa7 42. Qd2) 41... Rd8 {Precision: White = 42%, Black = 48%.} 0-1